书目信息 |
| 题名: |
单相交流电
|
|
| 作者: | ;苏格兰学历管理委员会 著 | |
| 分册: | ||
| 出版信息: | 北京 中国时代经济出版社 2005.08 |
|
| 页数: | 327页 | |
| 开本: | 25cm | |
| 丛书名: | ||
| 单 册: | ||
| 中图分类: | TM131.4 | |
| 科图分类: | ||
| 主题词: | 单相--dan xiang--交流电路--英文--教材 | |
| 电子资源: | ||
| ISBN: | 7-80169-998-X | |
| 000 | 00959nam0 2200229 450 | |
| 001 | 012006882656 | |
| 005 | 20060913092258.37 | |
| 010 | @a7-80169-998-X@dCNY52.00 | |
| 100 | @a20060621d2005 km y0chiy0120 ea | |
| 101 | 0 | @aeng |
| 102 | @aCN@b110000 | |
| 105 | @aa z 000yy | |
| 200 | 1 | @a单相交流电@Adan xiang jiao liu dian@d= Single phase A. C. circuits@f(英) 苏格兰学历管理委员会著@F(ying)su ge lan xue li guan li wei yuan hui zhu@zeng |
| 210 | @a北京@c中国时代经济出版社@d2005.08 | |
| 215 | @a327页@c图@d25cm | |
| 330 | @a本书为SQA英文原版教材。本书为电子工程专业基础课程,主要分两部分:第一部分介绍了直流电路及直流电路三定律,第二部分介绍了交流电的基本原理及交流电路中三定律的应用。 | |
| 510 | 1 | @aSingle phase A. C. circuits@zeng |
| 606 | 0 | @a单相@Adan xiang@x交流电路@x英文@j教材 |
| 690 | @aTM131.4@v4 | |
| 711 | 02 | @a苏格兰学历管理委员会@Asu ge lan xue li guan li wei yuan hui@4著 |
| 801 | 0 | @aCN@bQSSK@c20060913 |
| 905 | @a10447@dTM131.4@eX977 | |
| 单相交流电= Single phase A. C. circuits/(英) 苏格兰学历管理委员会著.-北京:中国时代经济出版社,2005.08 |
| 327页:图;25cm |
| ISBN 7-80169-998-X:CNY52.00 |
| 本书为SQA英文原版教材。本书为电子工程专业基础课程,主要分两部分:第一部分介绍了直流电路及直流电路三定律,第二部分介绍了交流电的基本原理及交流电路中三定律的应用。 |
| ● |
| 相关链接 |
|
|
|
正题名:单相交流电
索取号:TM131.4/X977
 
预约/预借
| 序号 | 登录号 | 条形码 | 馆藏地/架位号 | 状态 | 备注 |
| 1 | 589809 | 205898091 | 自科库301/301自科库 9排2列2层/ [索取号:TM131.4/X977] | 在馆 | |
| 2 | 589810 | 205898108 | 自科库301/301自科库 9排2列2层/ [索取号:TM131.4/X977] | 在馆 | |
| 3 | 589811 | 205898117 | 自科二线404/404自科库 10排5列5层/ [索取号:TM131.4/X977] | 在馆 |